000 00642nam a2200205 a 4500
001 BRCA_948
005 20190320203223.0
008 920918s1992 mx-a---##b---#000-0#spa-#
020 _a9687009314
040 _aDLC
_cDLC
050 4 _aNA6840.M4
_b.T43 1992
245 1 0 _aTeatros de México
_cfotografía Eduardo del Conde Arton.
260 _aMéxico
_bBanamex
_c1992
300 _a269 p.
_bil. a color
_c31 cm.
504 _aBibliografía: p. 268-269
650 1 4 _aArquitectura de teatros
_zMéxico
_93135
650 1 4 _aDecoración y ornamentación
_xTemas, motivos
_zMéxico
_93136
700 1 _aConde Arton, Eduardo del
_93137
942 _2lcc
_cB
999 _c837
_d837